Three men in a Boat : (Record no. 143091)

MARC details
000 -LEADER
fixed length control field 00606nam a22001937a 4500
005 - DATE AND TIME OF LATEST TRANSACTION
control field 20170908110845.0
010 ## - LCCN (DPL NO)
LC control number ENG-119520-521
020 ## - INTERNATIONAL STANDARD BOOK NUMBER
Terms of availability 170.00
International Standard Book Number 9789381622486 (vol-1)
020 ## - INTERNATIONAL STANDARD BOOK NUMBER
Terms of availability 170.00
International Standard Book Number 9789381522493(vol-2)
035 ## - SYSTEM CONTROL NUMBER
System control number EN-103052-053
037 ## - SOURCE OF ACQUISITION
Source of stock number/acquisition DBAD/PUB
082 ## - DEWEY DECIMAL CLASSIFICATION NUMBER
Classification number N
100 ## - MAIN ENTRY--PERSONAL NAME
Personal name Jerome K. Jerome
245 ## - TITLE STATEMENT
Title Three men in a Boat :
Statement of responsibility, etc by Jerome K. Jerome
Remainder of title to say nothig of the dog /
260 ## - PUBLICATION, DISTRIBUTION, ETC. (IMPRINT)
Place of publication, distribution, etc Delhi
Name of publisher, distributor, etc Kalra Publications
Date of publication, distribution, etc 2010-11
270 ## - ADDRESS
Address 2619-20/3, New Market, Nai Sarak,
City Delhi
Postal code 110006
300 ## - PHYSICAL DESCRIPTION
Extent 2 vol-(x,148p. ; x,132p.)
Dimensions 23cm(Hb)
942 ## - ADDED ENTRY ELEMENTS (KOHA)
Source of classification or shelving scheme Dewey Decimal Classification
Item type English Books
Call number suffix JER
Classification part N
Holdings
Withdrawn status Lost status Materials specified (bound volume or other part) Not for loan Collection code Home library Current library Date acquired Source of acquisition Cost, normal purchase price Full call number Barcode Copy number Cost, replacement price Koha item type
    vol-1 Not For Loan Fiction D.B.Act.Division Bawana 02/08/2017 DBAD/PUB 170.00 N JER EN-103052 1 170.00 English Books
    vol-2 Not For Loan Fiction D.B.Act.Division Bawana 02/08/2017 DBAD/PUB 170.00 N JER EN-103053 1 170.00 English Books

© Delhi Public Library
Hit Counter
free hit counter